| 000 | 00406nam a2200181Ia 4500 | ||
|---|---|---|---|
| 001 | 20613 | ||
| 005 | 20260306172818.0 | ||
| 008 | 260306t1998||||xx |||||||||||||| ||spa|| | ||
| 041 | _aESP | ||
| 082 |
_a343.5 _bV18 |
||
| 100 |
_aValdivia Cano, Ramiro _eAUT |
||
| 245 | 0 | _aManual de derecho electoral | |
| 260 | _c1998 | ||
| 300 |
_a _c |
||
| 650 | _aGEN | ||
| 654 | _aCDE | ||
| 942 |
_cLIB _dJUS _fJUS _2ddc _n |
||
| 999 |
_c20613 _d20613 |
||